[Event "Groningen op-B 55th"]
[Site "Groningen"]
[Date "2017.12.23"]
[Round "3"]
[White "Hillenkamp, Melchior"]
[Black "Bijvank, Evelyn"]
[Result "1-0"]
[WhiteElo "1609"]
[BlackElo "1389"]
[PlyCount "59"]
[EventDate "2017.12.22"]
[EventType "swiss"]
[EventRounds "9"]
[EventCountry "NED"]
[SourceTitle "CBM 182 Extra"]
[Source "ChessBase"]
[SourceDate "2018.02.23"]
[SourceVersion "1"]
[SourceVersionDate "2018.02.23"]
[SourceQuality "1"]

1. d4 Nf6 2. c4 g6 3. Nc3 Bg7 4. e4 d6 5. Nf3 0-0 6. Be2 Nbd7 7. 0-0 e5 8. d5 a5 9. Qc2 Nc5 10. Be3 Bd7 11. Bxc5 dxc5 12. Nxe5 Re8 13. f4 Kf8 14. Rae1 Ng8 15. Nxd7+ Qxd7 16. e5 Nh6 17. Ne4 b6 18. Bf3 Nf5 19. Bg4 h5 20. Bh3 Qe7 21. Bxf5 gxf5 22. Ng3 h4 23. Nxf5 Qd8 24. Qf2 f6 25. e6 c6 26. e7+ Rxe7 27. Rxe7 Bh8 28. Qxh4 Kg8 29. Qh7+ Kf8 30. Qxh8# 1-0